000 03053cam a22003857i 4500
999 _c128692
_d128692
001 20646961
003 ARRUPE
005 20181204085302.0
008 180827s2018 oru b 000 0 eng d
010 _a 2018302122
020 _a9781532618116
_qpaperback
020 _a1532618115
_qpaperback
035 _a(OCoLC)on1018461189
040 _aYDX
_beng
_cYDX
_erda
_dPTS
_dYDX
_dOCLCO
_dDLC
042 _alccopycat
050 0 0 _aBV600.3
_b.W4 2018
245 0 0 _aWhat really matters :
_bScandinavian perspectives on ecclesiology and ethnography /
_cJonas Ideström and Tone Stangeland Kaufman, editors. Foreword by Christian Scharen.
260 _aEugene, Oregon
_bPickwick Publications
_c2018
300 _axv, 293 pages :
_bIllustrations ;
_c23 cm
490 1 _aChurch of Sweden research series
_vv17
504 _aIncludes bibliographical references (pages 273-293).
505 0 _aThe Scandinavian ecclesial context / Kirsten Donskov Felter, Ninna Edgardh, and Tron Fagermoen -- Mapping the landscape of Scandinavian research in ecclesiology and ethnography : contributions and challenges / Tone Stangeland Kaufman -- Making data speak : the shortage of theory for the analysis of qualitative data in practical theology / Knut Tveitereid -- Faithful participation : engagement and transformation in ethnographic ecclesiology / Jonas Ideström -- Reflexivity : a relational and prophetic practice / Eileen R. Campbell-Reed -- To walk in ways that might make us feel lost / Natalie Wigg-Stevenson -- Office and/or calling? : negotiating normativity in the field of ministry / Kirsten Donskov Felter -- How do we break out of "the old paradigmatic box" / Marianne Gaarden -- Where we belong : family as an overlooked interspace in the passing on of Christian tradition in twenty-first century Sweden / Ninna Edgardh -- Is theology what really matters? / Pete Ward -- The researcher as gamemaker-response / Jonas Ideström and Tone Stangeland Kaufman -- Trying to tell the truth about a life-the problem of representation for ethnographic theology / Natalie Wigg-Stevenson -- The enacted and experienced faith-creating "stuff" on Baptist spirituality in Sweden / Sune Fahlgren -- Ethnography, representation, and digital media / Tim Hutchings -- Choice of interpretation and representation : reflections on power, ethics, and normativity / Kristina Helgesson Kjellin -- Dilemmas of representation : response / Eileen R. Campbell-Reed.
650 _aEthnology
_zEurope, Northern
_943739
650 _aEthnology
_xReligious aspects
_xChristianity
_943740
650 _aChristianity
_zEurope, Northern
_943741
700 1 _aIdeström, Jonas,
_eeditor.
_943742
700 1 _aKaufman, Tone Stangeland,
_eeditor
_937493
700 1 _aScharen, Christian,
_d1966-
_ewriter of foreword.
_943743
830 0 _aResearch series (Svenska kyrkan)
_943744
906 _a7
_bcbc
_ccopycat
_d2
_encip
_f20
_gy-gencatlg
942 _2lcc
_cMONOGRAPH